[Event "Greek Team Championship"]
[Site "chess24.com"]
[Date "2017.07.07"]
[Round "6"]
[White "Filippas, Sebastian"]
[Black "Balokas, Dimitrios"]
[Result "1/2-1/2"]
[Board "4"]
[WhiteElo "2268"]
[WhiteCountry "GRE"]
[WhiteFideId "4214862"]
[WhiteEloChange "-1"]
[BlackElo "2219"]
[BlackCountry "GRE"]
[BlackFideId "4216920"]
[BlackEloChange "1"]

1. e4 {[%clk 1:30:56]} e5 {[%clk 1:30:56]} 2. Nf3 {[%clk 1:31:23]} Nc6 {[%clk
1:31:22]} 3. Bb5 {[%clk 1:31:49]} a6 {[%clk 1:31:47]} 4. Ba4 {[%clk 1:32:05]} Nf6
{[%clk 1:32:10]} 5. O-O {[%clk 1:32:27]} b5 {[%clk 1:32:33]} 6. Bb3 {[%clk
1:32:52]} Be7 {[%clk 1:32:59]} 7. Re1 {[%clk 1:33:08]} O-O {[%clk 1:33:22]} 8. c3
{[%clk 1:33:32]} Bb7 {[%clk 1:33:47]} 9. h3 {[%clk 1:33:50]} d6 {[%clk 1:34:09]}
10. d4 {[%clk 1:34:06]} Re8 {[%clk 1:34:33]} 11. Ng5 {[%clk 1:34:30]} Rf8 {[%clk
1:34:58]} 12. Nf3 {[%clk 1:34:57]} Re8 {[%clk 1:35:23]} 13. Ng5 {[%clk 1:35:20]}
Rf8 {[%clk 1:35:45]} 14. Nf3 {[%clk 1:35:40]} 1/2-1/2

[Event "Greek Team Championship"]
[Site "chess24.com"]
[Date "2017.07.07"]
[Round "6"]
[White "Hristodoulaki, Antonia"]
[Black "Michna, Marta"]
[Result "1/2-1/2"]
[Board "5"]
[WhiteElo "2032"]
[WhiteCountry "GRE"]
[WhiteFideId "4214935"]
[WhiteEloChange "8"]
[BlackElo "2372"]
[BlackTitle "WGM"]
[BlackCountry "GER"]
[BlackFideId "1106686"]
[BlackEloChange "-8"]

1. e4 {[%clk 1:30:51]} e6 {[%clk 1:30:30]} 2. d4 {[%clk 1:31:14]} d5 {[%clk
1:30:55]} 3. exd5 {[%clk 1:31:38]} exd5 {[%clk 1:31:21]} 4. Bf4 {[%clk 1:32:00]}
Bd6 {[%clk 1:26:27]} 5. Bxd6 {[%clk 1:31:52]} Qxd6 {[%clk 1:26:53]} 6. c3 {[%clk
1:28:52]} Nf6 {[%clk 1:23:27]} 7. Bd3 {[%clk 1:27:42]} O-O {[%clk 1:23:16]} 8.
Ne2 {[%clk 1:26:34]} Re8 {[%clk 1:18:57]} 9. O-O {[%clk 1:24:48]} Nbd7 {[%clk
1:11:09]} 10. Bf5 {[%clk 1:10:13]} g6 {[%clk 1:09:50]} 11. Bh3 {[%clk 1:08:38]}
b6 {[%clk 0:52:46]} 12. Re1 {[%clk 1:02:12]} Ba6 {[%clk 0:49:21]} 13. Nd2 {[%clk
0:52:24]} Re7 {[%clk 0:48:27]} 14. Ng3 {[%clk 0:43:54]} Rxe1+ {[%clk 0:47:28]}
15. Qxe1 {[%clk 0:44:17]} h5 {[%clk 0:37:13]} 16. Nf3 {[%clk 0:37:06]} Re8 {[%clk
0:37:12]} 17. Qd1 {[%clk 0:33:05]} Qc6 {[%clk 0:26:51]} 18. Qc2 {[%clk 0:28:56]}
Ng4 {[%clk 0:25:44]} 19. Qd2 {[%clk 0:23:32]} Qc4 {[%clk 0:23:33]} 20. Qg5 {[%clk
0:18:07]} Qb5 {[%clk 0:21:03]} 21. b3 {[%clk 0:05:31]} Kf8 {[%clk 0:16:20]} 22.
Bxg4 {[%clk 0:03:37]} hxg4 {[%clk 0:16:46]} 23. Qxg4 {[%clk 0:04:01]} Qc6 {[%clk
0:12:25]} 24. Rc1 {[%clk 0:03:42]} Qd6 {[%clk 0:12:13]} 25. Qh4 {[%clk 0:03:03]}
Kg8 {[%clk 0:10:02]} 26. Qh6 {[%clk 0:01:33]} Qf6 {[%clk 0:07:39]} 27. h4 {[%clk
0:00:48]} c5 {[%clk 0:06:33]} 28. h5 {[%clk 0:00:44]} Bd3 {[%clk 0:06:02]} 29.
hxg6 {[%clk 0:00:57]} fxg6 {[%clk 0:05:35]} 30. Qg5 {[%clk 0:00:57]} Qxg5 {[%clk
0:04:24]} 31. Nxg5 {[%clk 0:01:25]} a5 {[%clk 0:04:02]} 32. Rd1 {[%clk 0:01:25]}
c4 {[%clk 0:04:07]} 33. b4 {[%clk 0:00:34]} axb4 {[%clk 0:04:22]} 34. cxb4 {[%clk
0:01:02]} Ra8 {[%clk 0:04:25]} 35. Ra1 {[%clk 0:00:57]} Nb8 {[%clk 0:02:48]} 36.
b5 {[%clk 0:01:11]} c3 {[%clk 0:02:34]} 37. a4 {[%clk 0:00:33]} c2 {[%clk
0:02:40]} 38. Nf3 {[%clk 0:00:38]} Rxa4 {[%clk 0:02:59]} 39. Rc1 {[%clk 0:01:07]}
Nd7 {[%clk 0:01:55]} 40. Ne1 {[%clk 0:30:34]} Rxd4 {[%clk 0:30:55]} 41. Nxd3
{[%clk 0:31:01]} Rxd3 {[%clk 0:31:15]} 42. Rxc2 {[%clk 0:31:24]} Rd1+ {[%clk
0:28:53]} 43. Nf1 {[%clk 0:30:26]} Nc5 {[%clk 0:24:40]} 44. Rd2 {[%clk 0:22:33]}
Rb1 {[%clk 0:20:50]} 45. Rxd5 {[%clk 0:22:41]} Ne4 {[%clk 0:17:17]} 46. g3 {[%clk
0:14:05]} Kf7 {[%clk 0:16:39]} 47. Rd4 {[%clk 0:09:47]} Nf6 {[%clk 0:14:21]} 48.
Kg2 {[%clk 0:09:03]} Rxb5 {[%clk 0:14:31]} 49. Ne3 {[%clk 0:09:16]} Ke7 {[%clk
0:12:26]} 50. Kf3 {[%clk 0:08:45]} Rb2 {[%clk 0:10:26]} 51. g4 {[%clk 0:08:04]}
b5 {[%clk 0:10:15]} 52. g5 {[%clk 0:06:38]} Nd7 {[%clk 0:09:12]} 53. Nd5+ {[%clk
0:05:51]} Kf7 {[%clk 0:09:26]} 54. Rb4 {[%clk 0:02:26]} Rxb4 {[%clk 0:08:24]} 55.
Nxb4 {[%clk 0:02:54]} Ke6 {[%clk 0:08:11]} 56. Ke3 {[%clk 0:02:54]} Kf5 {[%clk
0:06:10]} 57. f4 {[%clk 0:02:50]} Nb6 {[%clk 0:06:19]} 58. Kf3 {[%clk 0:02:46]}
Nc4 {[%clk 0:06:06]} 59. Nc6 {[%clk 0:01:57]} Nd2+ {[%clk 0:06:15]} 60. Ke3
{[%clk 0:02:13]} Nc4+ {[%clk 0:05:56]} 61. Kf3 {[%clk 0:02:29]} Nd2+ {[%clk
0:06:12]} 1/2-1/2

[Event "Greek Team Championship"]
[Site "chess24.com"]
[Date "2017.07.07"]
[Round "6"]
[White "Papathanasiou, Elisavet"]
[Black "Grammatikaki, Aggeliki"]
[Result "1-0"]
[Board "6"]
[WhiteElo "1927"]
[WhiteCountry "GRE"]
[WhiteFideId "4222687"]
[WhiteEloChange "3"]
[BlackElo "1623"]
[BlackCountry "GRE"]
[BlackFideId "25802607"]
[BlackEloChange "-3"]

1. d4 {[%clk 1:29:13]} Nf6 {[%clk 1:30:52]} 2. Nf3 {[%clk 1:29:39]} e6 {[%clk
1:31:15]} 3. g3 {[%clk 1:28:58]} b6 {[%clk 1:30:35]} 4. Bg2 {[%clk 1:29:24]} Bb7
{[%clk 1:30:45]} 5. O-O {[%clk 1:29:48]} d5 {[%clk 1:29:59]} 6. b3 {[%clk
1:30:04]} c5 {[%clk 1:29:12]} 7. Bb2 {[%clk 1:30:22]} Nbd7 {[%clk 1:25:05]} 8.
Nbd2 {[%clk 1:28:44]} Ne4 {[%clk 1:19:11]} 9. Nxe4 {[%clk 1:28:02]} dxe4 {[%clk
1:19:36]} 10. Nd2 {[%clk 1:28:00]} cxd4 {[%clk 1:05:50]} 11. Bxd4 {[%clk
1:27:03]} f5 {[%clk 1:03:55]} 12. Nc4 {[%clk 1:19:40]} b5 {[%clk 0:57:54]} 13.
Ne5 {[%clk 1:14:05]} Nxe5 {[%clk 0:56:03]} 14. Bxe5 {[%clk 1:14:30]} Kf7 {[%clk
0:50:30]} 15. a4 {[%clk 1:02:06]} b4 {[%clk 0:43:12]} 16. e3 {[%clk 0:48:56]}
Qxd1 {[%clk 0:30:10]} 17. Rfxd1 {[%clk 0:48:26]} Bd5 {[%clk 0:30:11]} 18. Rdc1
{[%clk 0:44:14]} Rc8 {[%clk 0:17:54]} 19. Rab1 {[%clk 0:44:38]} Be7 {[%clk
0:17:41]} 20. c4 {[%clk 0:36:43]} bxc3 {[%clk 0:17:49]} 21. Rxc3 {[%clk 0:37:00]}
Rxc3 {[%clk 0:16:52]} 22. Bxc3 {[%clk 0:37:25]} Rc8 {[%clk 0:15:16]} 23. Be1
{[%clk 0:27:28]} Bf6 {[%clk 0:09:39]} 24. Bf1 {[%clk 0:25:31]} Rc2 {[%clk
0:04:20]} 25. a5 {[%clk 0:20:28]} Bc3 {[%clk 0:03:11]} 26. Bxc3 {[%clk 0:20:39]}
Rxc3 {[%clk 0:03:36]} 27. b4 {[%clk 0:19:49]} Ke7 {[%clk 0:02:03]} 28. b5 {[%clk
0:11:05]} Rb3 {[%clk 0:01:54]} 29. Rc1 {[%clk 0:06:52]} Kd7 {[%clk 0:02:12]} 30.
Kg2 {[%clk 0:06:12]} Rb4 {[%clk 0:02:07]} 31. g4 {[%clk 0:03:42]} fxg4 {[%clk
0:01:53]} 32. Rc2 {[%clk 0:03:28]} Ra4 {[%clk 0:01:56]} 33. b6 {[%clk 0:02:34]}
axb6 {[%clk 0:01:39]} 34. axb6 {[%clk 0:03:02]} Rb4 {[%clk 0:01:06]} 35. Rc7+
{[%clk 0:02:59]} Kd6 {[%clk 0:01:27]} 36. Rxg7 {[%clk 0:03:21]} Rxb6 {[%clk
0:01:46]} 37. Rxh7 {[%clk 0:03:40]} Bb3 {[%clk 0:01:23]} 38. Be2 {[%clk 0:03:45]}
Rb8 {[%clk 0:00:40]} 39. Rg7 {[%clk 0:03:48]} Ke5 {[%clk 0:00:42]} 40. Rxg4
{[%clk 0:33:52]} Bd5 {[%clk 0:30:33]} 41. Kg3 {[%clk 0:32:52]} Kf5 {[%clk
0:26:35]} 42. h4 {[%clk 0:31:19]} Kf6 {[%clk 0:21:04]} 43. h5 {[%clk 0:28:58]} e5
{[%clk 0:20:37]} 44. Rg6+ {[%clk 0:27:20]} Kf7 {[%clk 0:19:33]} 45. Bg4 {[%clk
0:24:22]} Rg8 {[%clk 0:16:14]} 46. Rxg8 {[%clk 0:24:18]} Kxg8 {[%clk 0:16:36]}
47. Kh4 {[%clk 0:24:47]} Bc4 {[%clk 0:14:08]} 48. Kg5 {[%clk 0:25:07]} Kf7 {[%clk
0:09:20]} 49. Bf5 {[%clk 0:25:36]} Bd5 {[%clk 0:09:32]} 50. Bg6+ {[%clk 0:26:05]}
Kg7 {[%clk 0:09:32]} 51. h6+ {[%clk 0:26:34]} Kh8 {[%clk 0:09:38]} 52. Kf6 {[%clk
0:27:02]} Kg8 {[%clk 0:07:50]} 53. Kxe5 {[%clk 0:27:29]} Bc6 {[%clk 0:07:53]} 54.
Bxe4 {[%clk 0:27:58]} Be8 {[%clk 0:07:49]} 55. Kf6 {[%clk 0:28:27]} Bh5 {[%clk
0:07:44]} 56. Bf5 {[%clk 0:28:48]} Kh8 {[%clk 0:07:33]} 57. e4 {[%clk 0:29:17]}
Bf7 {[%clk 0:07:45]} 58. e5 {[%clk 0:29:41]} Be8 {[%clk 0:07:02]} 59. e6 {[%clk
0:30:07]} Bf7 {[%clk 0:07:14]} 60. e7 {[%clk 0:30:22]} Be8 {[%clk 0:07:14]} 61.
Bg6 {[%clk 0:30:28]} 1-0

[Event "Greek Team Championship"]
[Site "chess24.com"]
[Date "2017.07.07"]
[Round "6"]
[White "Kalyva, Kyriaki"]
[Black "Skiadopoulou, Afroditi-Lelouda"]
[Result "1-0"]
[Board "7"]
[WhiteElo "1633"]
[WhiteCountry "GRE"]
[WhiteFideId "4271181"]
[WhiteEloChange "6"]
[BlackElo "1469"]
[BlackCountry "GRE"]
[BlackFideId "4290712"]
[BlackEloChange "-6"]

1. d4 {[%clk 1:30:57]} d5 {[%clk 1:30:54]} 2. c4 {[%clk 1:31:21]} e6 {[%clk
1:31:19]} 3. Nc3 {[%clk 1:31:42]} Nf6 {[%clk 1:31:43]} 4. Nf3 {[%clk 1:31:43]}
Be7 {[%clk 1:31:41]} 5. Bg5 {[%clk 1:30:57]} Nbd7 {[%clk 1:31:53]} 6. e3 {[%clk
1:30:48]} O-O {[%clk 1:31:57]} 7. Bd3 {[%clk 1:25:52]} b6 {[%clk 1:31:51]} 8.
cxd5 {[%clk 1:24:13]} exd5 {[%clk 1:32:09]} 9. O-O {[%clk 1:24:15]} c6 {[%clk
1:29:15]} 10. h3 {[%clk 1:18:57]} Ne4 {[%clk 0:49:54]} 11. Bxe7 {[%clk 1:04:21]}
Qxe7 {[%clk 0:50:17]} 12. Bxe4 {[%clk 1:04:35]} dxe4 {[%clk 0:50:38]} 13. Nd2
{[%clk 1:04:46]} Nf6 {[%clk 0:40:03]} 14. f4 {[%clk 0:52:29]} exf3 {[%clk
0:40:05]} 15. Qxf3 {[%clk 0:52:52]} Bb7 {[%clk 0:36:55]} 16. e4 {[%clk 0:49:26]}
Qb4 {[%clk 0:27:53]} 17. Nb3 {[%clk 0:44:48]} Ba6 {[%clk 0:26:23]} 18. Rfe1
{[%clk 0:44:01]} Bc4 {[%clk 0:24:51]} 19. Nd2 {[%clk 0:38:29]} Be6 {[%clk
0:23:19]} 20. Qe3 {[%clk 0:31:57]} Qxb2 {[%clk 0:14:53]} 21. a3 {[%clk 0:31:36]}
Rfe8 {[%clk 0:05:20]} 22. Reb1 {[%clk 0:27:59]} Qc2 {[%clk 0:04:57]} 23. Rc1
{[%clk 0:27:55]} Qb2 {[%clk 0:05:08]} 24. Qd3 {[%clk 0:28:10]} b5 {[%clk
0:01:24]} 25. Nd1 {[%clk 0:24:25]} Bc4 {[%clk 0:01:07]} 26. Nxb2 {[%clk 0:22:35]}
Bxd3 {[%clk 0:01:35]} 27. Nxd3 {[%clk 0:22:57]} Rad8 {[%clk 0:01:58]} 28. Nf3
{[%clk 0:21:44]} Rxe4 {[%clk 0:01:58]} 29. Rxc6 {[%clk 0:22:01]} Re3 {[%clk
0:01:58]} 30. Nde5 {[%clk 0:21:51]} Nd5 {[%clk 0:01:05]} 31. Rc5 {[%clk 0:21:27]}
Nf4 {[%clk 0:00:56]} 32. g3 {[%clk 0:19:24]} Ne6 {[%clk 0:01:07]} 33. Rxb5 {[%clk
0:19:24]} f6 {[%clk 0:01:01]} 34. Nc6 {[%clk 0:19:39]} Re8 {[%clk 0:01:06]} 35.
Kf2 {[%clk 0:15:56]} Rc3 {[%clk 0:00:51]} 36. Rb8 {[%clk 0:15:14]} Rxb8 {[%clk
0:01:12]} 37. Nxb8 {[%clk 0:15:39]} Rc2+ {[%clk 0:01:25]} 38. Kf1 {[%clk
0:16:03]} Nc7 {[%clk 0:01:21]} 39. Nd7 {[%clk 0:14:00]} Nd5 {[%clk 0:01:28]} 40.
Re1 {[%clk 0:43:00]} Rc3 {[%clk 0:31:30]} 41. Kf2 {[%clk 0:40:58]} Rxa3 {[%clk
0:31:48]} 42. Nc5 {[%clk 0:36:02]} Kf7 {[%clk 0:31:02]} 43. Nh4 {[%clk 0:33:24]}
a5 {[%clk 0:29:29]} 44. Nf5 {[%clk 0:31:51]} Nc3 {[%clk 0:14:42]} 45. Re7+ {[%clk
0:31:31]} Kg6 {[%clk 0:14:52]} 46. g4 {[%clk 0:31:45]} Nd1+ {[%clk 0:12:48]} 47.
Ke1 {[%clk 0:31:48]} Kg5 {[%clk 0:12:41]} 48. Ne6+ {[%clk 0:32:08]} 1-0

[Event "Greek Team Championship"]
[Site "chess24.com"]
[Date "2017.07.07"]
[Round "6"]
[White "Lentzos, Ioanis"]
[Black "Ladopoulos, Dimitrios"]
[Result "1/2-1/2"]
[Board "8"]
[WhiteElo "2038"]
[WhiteCountry "GRE"]
[WhiteFideId "4255470"]
[WhiteEloChange "5"]
[BlackElo "2229"]
[BlackCountry "GRE"]
[BlackFideId "4239580"]
[BlackEloChange "-5"]

1. e4 {[%clk 1:30:55]} e6 {[%clk 1:29:52]} 2. d4 {[%clk 1:31:18]} d5 {[%clk
1:29:30]} 3. Nd2 {[%clk 1:31:40]} Nf6 {[%clk 1:28:30]} 4. e5 {[%clk 1:31:38]}
Nfd7 {[%clk 1:28:35]} 5. Bd3 {[%clk 1:31:47]} c5 {[%clk 1:26:51]} 6. c3 {[%clk
1:32:13]} Nc6 {[%clk 1:27:20]} 7. Ne2 {[%clk 1:32:22]} cxd4 {[%clk 1:27:43]} 8.
cxd4 {[%clk 1:32:48]} f6 {[%clk 1:27:38]} 9. exf6 {[%clk 1:32:21]} Nxf6 {[%clk
1:27:46]} 10. Nf3 {[%clk 1:31:12]} Bd6 {[%clk 1:27:55]} 11. O-O {[%clk 1:30:56]}
Qc7 {[%clk 1:23:17]} 12. Nc3 {[%clk 1:30:27]} a6 {[%clk 1:22:34]} 13. Bd2 {[%clk
1:29:59]} O-O {[%clk 1:21:30]} 14. Rc1 {[%clk 1:28:37]} g6 {[%clk 1:00:30]} 15.
g3 {[%clk 1:03:24]} Qg7 {[%clk 0:52:43]} 16. Na4 {[%clk 0:54:21]} Ng4 {[%clk
0:29:51]} 17. Nb6 {[%clk 0:20:06]} Rb8 {[%clk 0:17:27]} 18. Nxc8 {[%clk 0:20:06]}
Rbxc8 {[%clk 0:14:01]} 19. Ng5 {[%clk 0:18:12]} Qxd4 {[%clk 0:06:00]} 20. Bc3
{[%clk 0:17:22]} Nxf2 {[%clk 0:05:13]} 21. Qe2 {[%clk 0:17:28]} Nh3+ {[%clk
0:00:51]} 22. Kg2 {[%clk 0:17:38]} Nxg5 {[%clk 0:00:37]} 23. Bxd4 {[%clk
0:18:02]} Nxd4 {[%clk 0:00:55]} 24. Qg4 {[%clk 0:17:52]} Rxc1 {[%clk 0:00:59]}
25. Rxc1 {[%clk 0:17:42]} Ngf3 {[%clk 0:00:37]} 26. Rf1 {[%clk 0:11:57]} Rf6
{[%clk 0:00:49]} 27. h4 {[%clk 0:09:59]} h5 {[%clk 0:00:46]} 28. Qh3 {[%clk
0:10:02]} Kg7 {[%clk 0:00:33]} 29. g4 {[%clk 0:04:52]} Rf4 {[%clk 0:00:53]} 30.
gxh5 {[%clk 0:04:11]} Rxh4 {[%clk 0:00:51]} 31. Rxf3 {[%clk 0:04:25]} Rxh3 {[%clk
0:01:12]} 32. Rxh3 {[%clk 0:04:21]} gxh5 {[%clk 0:01:13]} 33. Rxh5 {[%clk
0:04:33]} Be7 {[%clk 0:00:32]} 34. Kf2 {[%clk 0:03:12]} Kf6 {[%clk 0:00:46]} 35.
a3 {[%clk 0:02:26]} Bf8 {[%clk 0:00:32]} 36. Rh8 {[%clk 0:02:07]} Bd6 {[%clk
0:00:32]} 37. Rh6+ {[%clk 0:01:09]} Ke5 {[%clk 0:00:31]} 38. Rh7 {[%clk 0:01:31]}
Nb3 {[%clk 0:00:33]} 39. Ke3 {[%clk 0:01:16]} Bc5+ {[%clk 0:00:46]} 40. Ke2
{[%clk 0:31:26]} b5 {[%clk 0:30:45]} 41. Bc2 {[%clk 0:19:27]} Nd4+ {[%clk
0:29:55]} 42. Kd3 {[%clk 0:19:44]} a5 {[%clk 0:17:00]} 43. Bd1 {[%clk 0:14:02]}
b4 {[%clk 0:12:38]} 44. a4 {[%clk 0:13:15]} Kd6 {[%clk 0:11:57]} 45. Bg4 {[%clk
0:12:07]} e5 {[%clk 0:10:08]} 46. Rh6+ {[%clk 0:12:30]} Kc7 {[%clk 0:10:25]} 47.
Rh5 {[%clk 0:07:21]} Kd6 {[%clk 0:08:54]} 48. Rh6+ {[%clk 0:07:42]} Kc7 {[%clk
0:09:14]} 49. Rh5 {[%clk 0:07:06]} 1/2-1/2

[Event "Greek Team Championship"]
[Site "chess24.com"]
[Date "2017.07.07"]
[Round "6"]
[White "Triantos, Konstantinos"]
[Black "Makris, Spyridon-Dionysios"]
[Result "1-0"]
[Board "9"]
[WhiteElo "2045"]
[WhiteCountry "GRE"]
[WhiteFideId "4274300"]
[WhiteEloChange "5"]
[BlackElo "1859"]
[BlackCountry "GRE"]
[BlackFideId "25801376"]
[BlackEloChange "-5"]

1. e4 {[%clk 1:30:27]} e5 {[%clk 1:30:56]} 2. Nf3 {[%clk 1:30:55]} Nc6 {[%clk
1:31:23]} 3. Bb5 {[%clk 1:31:22]} a6 {[%clk 1:31:49]} 4. Ba4 {[%clk 1:31:49]} Nf6
{[%clk 1:32:14]} 5. O-O {[%clk 1:32:15]} Be7 {[%clk 1:32:42]} 6. d3 {[%clk
1:32:36]} b5 {[%clk 1:33:06]} 7. Bb3 {[%clk 1:33:05]} d6 {[%clk 1:33:31]} 8. a3
{[%clk 1:33:29]} Na5 {[%clk 1:33:56]} 9. Ba2 {[%clk 1:33:56]} c5 {[%clk 1:34:23]}
10. Nc3 {[%clk 1:34:14]} Be6 {[%clk 1:34:49]} 11. Nh4 {[%clk 1:33:45]} O-O {[%clk
1:29:40]} 12. Nf5 {[%clk 1:33:11]} Bxf5 {[%clk 1:29:07]} 13. exf5 {[%clk
1:33:39]} d5 {[%clk 1:29:08]} 14. Bg5 {[%clk 1:30:24]} c4 {[%clk 1:26:33]} 15.
Qf3 {[%clk 1:23:57]} d4 {[%clk 1:26:47]} 16. Bxf6 {[%clk 1:24:25]} Bxf6 {[%clk
1:26:58]} 17. Ne4 {[%clk 1:24:23]} Be7 {[%clk 1:20:48]} 18. b3 {[%clk 0:49:57]}
cxb3 {[%clk 1:20:52]} 19. Bxb3 {[%clk 0:50:21]} Nxb3 {[%clk 1:21:18]} 20. cxb3
{[%clk 0:50:50]} a5 {[%clk 1:21:29]} 21. a4 {[%clk 0:38:02]} Qb6 {[%clk 1:19:33]}
22. Rfc1 {[%clk 0:32:20]} Rfc8 {[%clk 1:14:41]} 23. axb5 {[%clk 0:30:09]} Qxb5
{[%clk 1:14:07]} 24. f6 {[%clk 0:27:19]} Rxc1+ {[%clk 1:13:57]} 25. Rxc1 {[%clk
0:27:42]} 1-0

[Event "Greek Team Championship"]
[Site "chess24.com"]
[Date "2017.07.07"]
[Round "6"]
[White "Fragkos, Vasileios"]
[Black "Nikolakopoulos, Dimitrios"]
[Result "0-1"]
[Board "10"]
[WhiteElo "1453"]
[WhiteCountry "GRE"]
[WhiteFideId "25832646"]
[WhiteEloChange "-15"]
[BlackElo "1280"]
[BlackCountry "GRE"]
[BlackFideId "25825135"]
[BlackEloChange "15"]

1. e4 {[%clk 1:30:46]} c5 {[%clk 1:30:47]} 2. Nf3 {[%clk 1:30:57]} Nc6 {[%clk
1:31:06]} 3. d4 {[%clk 1:31:08]} cxd4 {[%clk 1:31:28]} 4. Nxd4 {[%clk 1:31:20]}
g6 {[%clk 1:31:48]} 5. c4 {[%clk 1:31:41]} Bg7 {[%clk 1:32:08]} 6. Be3 {[%clk
1:32:01]} Nf6 {[%clk 1:32:27]} 7. Nc3 {[%clk 1:31:49]} O-O {[%clk 1:32:48]} 8.
Be2 {[%clk 1:31:04]} d6 {[%clk 1:33:05]} 9. O-O {[%clk 1:30:53]} Bd7 {[%clk
1:33:10]} 10. Qd2 {[%clk 1:28:29]} Nxd4 {[%clk 1:33:15]} 11. Bxd4 {[%clk
1:28:44]} Bc6 {[%clk 1:33:38]} 12. f3 {[%clk 1:28:21]} a5 {[%clk 1:33:55]} 13.
Rac1 {[%clk 1:27:57]} Nd7 {[%clk 1:34:13]} 14. Be3 {[%clk 1:24:36]} Nc5 {[%clk
1:34:20]} 15. b3 {[%clk 1:20:19]} Be5 {[%clk 1:33:24]} 16. Rfd1 {[%clk 1:15:44]}
e6 {[%clk 1:33:37]} 17. Qc2 {[%clk 1:14:33]} Qh4 {[%clk 1:33:36]} 18. g3 {[%clk
1:10:03]} Bxg3 {[%clk 1:26:18]} 19. hxg3 {[%clk 0:57:36]} Qxg3+ {[%clk 1:26:36]}
20. Kf1 {[%clk 0:58:02]} f5 {[%clk 1:24:35]} 21. Bf2 {[%clk 0:51:44]} Qh3+ {[%clk
1:22:00]} 22. Ke1 {[%clk 0:47:58]} fxe4 {[%clk 1:20:57]} 23. Nxe4 {[%clk
0:48:14]} Bxe4 {[%clk 1:15:22]} 24. fxe4 {[%clk 0:41:50]} Qh1+ {[%clk 1:14:31]}
25. Kd2 {[%clk 0:36:04]} Nxe4+ {[%clk 1:14:44]} 26. Ke3 {[%clk 0:36:10]} Qh3+
{[%clk 1:14:47]} 27. Kxe4 {[%clk 0:33:52]} Qf5+ {[%clk 1:15:03]} 28. Ke3 {[%clk
0:34:05]} Qxf2+ {[%clk 1:15:28]} 29. Kd3 {[%clk 0:34:27]} Qg3+ {[%clk 1:06:13]}
30. Kd2 {[%clk 0:32:20]} Qf4+ {[%clk 1:02:46]} 31. Kc3 {[%clk 0:28:33]} Qe5+
{[%clk 1:02:54]} 32. Rd4 {[%clk 0:24:45]} Rf2 {[%clk 1:01:18]} 33. Re1 {[%clk
0:24:41]} Raf8 {[%clk 0:55:03]} 34. Qd1 {[%clk 0:23:48]} R8f4 {[%clk 0:44:33]}
35. a3 {[%clk 0:16:35]} Rxd4 {[%clk 0:44:12]} 36. Qxd4 {[%clk 0:16:57]} Rxe2
{[%clk 0:44:31]} 37. Rxe2 {[%clk 0:17:12]} Qxe2 {[%clk 0:44:56]} 38. Qxd6 {[%clk
0:17:37]} Qe3+ {[%clk 0:44:54]} 39. Kc2 {[%clk 0:17:57]} b6 {[%clk 0:43:15]} 40.
Qe7 {[%clk 0:46:44]} h5 {[%clk 1:10:58]} 41. Qe8+ {[%clk 0:46:43]} Kg7 {[%clk
1:11:21]} 42. Qe7+ {[%clk 0:47:06]} Kh6 {[%clk 1:11:40]} 43. Qf6 {[%clk 0:46:29]}
Qe4+ {[%clk 1:11:37]} 44. Kc3 {[%clk 0:46:31]} h4 {[%clk 1:10:49]} 45. Qf8+
{[%clk 0:46:29]} Kh5 {[%clk 1:11:11]} 46. b4 {[%clk 0:42:40]} axb4+ {[%clk
1:11:19]} 47. axb4 {[%clk 0:43:03]} Qe3+ {[%clk 1:11:25]} 48. Kb2 {[%clk
0:43:00]} h3 {[%clk 1:11:46]} 49. c5 {[%clk 0:42:36]} Qd4+ {[%clk 1:10:29]} 50.
Kb3 {[%clk 0:42:48]} bxc5 {[%clk 1:10:46]} 51. bxc5 {[%clk 0:43:01]} h2 {[%clk
1:10:50]} 52. Qf3+ {[%clk 0:43:02]} Qg4 {[%clk 1:11:01]} 53. Qf6 {[%clk 0:42:21]}
Qh3+ {[%clk 1:11:05]} 54. Kc2 {[%clk 0:42:14]} h1Q {[%clk 1:11:14]} 55. Qh8+
{[%clk 0:42:34]} Kg5 {[%clk 1:11:31]} 56. Qd8+ {[%clk 0:42:54]} Kg4 {[%clk
1:11:43]} 57. Qd4+ {[%clk 0:42:10]} Kf3 {[%clk 1:11:59]} 58. Qd3+ {[%clk
0:42:14]} Kf2 {[%clk 1:12:12]} 59. Qd2+ {[%clk 0:42:11]} Kg1 {[%clk 1:12:32]} 60.
Qe1+ {[%clk 0:29:14]} Qf1 {[%clk 1:12:49]} 0-1

[Event "Greek Team Championship"]
[Site "chess24.com"]
[Date "2017.07.07"]
[Round "6"]
[White "Banikas, Hristos"]
[Black "Sadzikowski, Daniel"]
[Result "1/2-1/2"]
[Board "1"]
[WhiteElo "2567"]
[WhiteTitle "GM"]
[WhiteCountry "GRE"]
[WhiteFideId "4202031"]
[BlackElo "2559"]
[BlackTitle "IM"]
[BlackCountry "POL"]
[BlackFideId "1132253"]

1. e4 {[%clk 1:30:57]} e5 {[%clk 1:30:49]} 2. Nf3 {[%clk 1:31:21]} Nc6 {[%clk
1:31:17]} 3. Bb5 {[%clk 1:31:16]} a6 {[%clk 1:31:45]} 4. Ba4 {[%clk 1:31:40]} Nf6
{[%clk 1:32:11]} 5. O-O {[%clk 1:32:02]} Be7 {[%clk 1:32:37]} 6. Re1 {[%clk
1:32:21]} b5 {[%clk 1:33:03]} 7. Bb3 {[%clk 1:32:46]} d6 {[%clk 1:33:28]} 8. c3
{[%clk 1:33:11]} O-O {[%clk 1:33:53]} 9. h3 {[%clk 1:33:36]} Re8 {[%clk 1:33:45]}
10. d4 {[%clk 1:33:30]} Bb7 {[%clk 1:34:10]} 11. Ng5 {[%clk 1:31:37]} Rf8 {[%clk
1:34:10]} 12. Nf3 {[%clk 1:32:01]} Re8 {[%clk 1:34:09]} 13. Nbd2 {[%clk 1:29:51]}
Bf8 {[%clk 1:27:00]} 14. a3 {[%clk 1:28:59]} h6 {[%clk 1:27:15]} 15. Bc2 {[%clk
1:29:20]} Nb8 {[%clk 1:27:03]} 16. b4 {[%clk 1:22:06]} Nbd7 {[%clk 1:27:30]} 17.
Bb2 {[%clk 1:22:28]} g6 {[%clk 1:25:30]} 18. dxe5 {[%clk 1:21:32]} dxe5 {[%clk
1:22:21]} 19. c4 {[%clk 1:08:19]} c5 {[%clk 1:22:25]} 20. cxb5 {[%clk 1:08:44]}
axb5 {[%clk 1:20:14]} 21. bxc5 {[%clk 1:09:07]} Bxc5 {[%clk 1:20:00]} 22. Nb3
{[%clk 1:09:31]} Bf8 {[%clk 1:20:12]} 23. Qe2 {[%clk 1:08:11]} Qb6 {[%clk
1:05:28]} 24. Bd3 {[%clk 1:07:46]} Bc6 {[%clk 1:02:57]} 25. Rec1 {[%clk 1:02:55]}
Nh5 {[%clk 0:58:42]} 26. Qe3 {[%clk 0:58:53]} Qxe3 {[%clk 0:55:46]} 27. fxe3
{[%clk 0:59:19]} Re6 {[%clk 0:48:42]} 28. Nfd2 {[%clk 0:40:07]} Nhf6 {[%clk
0:44:52]} 29. Rc2 {[%clk 0:39:30]} Rb8 {[%clk 0:36:54]} 30. Rac1 {[%clk 0:36:47]}
Ba8 {[%clk 0:37:14]} 31. Rc8 {[%clk 0:35:57]} Re8 {[%clk 0:34:45]} 32. R8c7
{[%clk 0:34:44]} Red8 {[%clk 0:34:02]} 33. Ra7 {[%clk 0:35:03]} Rb6 {[%clk
0:23:31]} 34. Bc3 {[%clk 0:33:33]} Rc8 {[%clk 0:08:48]} 1/2-1/2